Placar das últimas 10 finais de Copa Libertadores - Statistics

Estatísticas Gerais
  • Esse quiz foi jogado 252 vezes
    148 desde o último reset
  • A pontuação média é 12 de 14
Estatísticas das Respostas
Ano Mandante Visitante Placar % Correto
2022 Flamengo Athletico Paranaense 1 - 0
100%
2021 Palmeiras Flamengo 2 - 1
100%
2020 Palmeiras Santos 1 - 0
99%
2023 Boca Juniors Fluminense 1 - 2
99%
2024 Atlético Mineiro Botafogo 1 - 3
99%
2019 Flamengo River Plate 2 - 1
99%
2018 (Volta) River Plate Boca Juniors 3 - 1
91%
2018 (Ida) Boca Juniors River Plate 2 - 2
86%
2017 (Ida) Grêmio Lanús 1 - 0
84%
2017 (Volta) Lanús Grêmio 1 - 2
84%
2016 (Volta) Atlético Nacional Independiente del Valle 1 - 0
76%
2016 (Ida) Independiente del Valle Atlético Nacional 1 - 1
72%
2015 (Volta) River Plate Tigres 3 - 0
72%
2015 (Ida) Tigres River Plate 0 - 0
70%
Nenhum quiz correspondente encontrado
Distribuição das Pontuações
Porcentagem de Pessoas com Cada Pontuação
Percentil de Números Respondidos
Sua Pontuação Histórica
Você não jogou esse quiz desde o último reset